Využitie rozpoznávania emócií pre zlepšenie interakcie prostredníctvom sociálneho robota

Saved in:
Bibliographic Details
Main Author: Discantiny, Imrich (Author)
Other Authors: Lehocki, Fedor (Thesis advisor)
Format: Manuscript Book
Language:Slovak
Published: 2025
Subjects:
Online Access:http://is.stuba.sk/zp/portal_zp.pl?podrobnosti=183583
Tags: Add Tag
No Tags, Be the first to tag this record!

MARC

LEADER 00000ntm a22000003a 4500
001 stuzp105758
003 SK-STU
005 20250607211512.3
007 ta
008 150427s2015----xo-----f-mn---000-0-slo-d
040 |a STU  |b slo 
041 0 |a slo 
100 1 |a Discantiny, Imrich  |u 070200  |k Z4  |4 aut  |U FIIT Fakulta informatiky a informačných technológií  |T FIIT Ústav informatiky, informačných systémov a softvérového inžinierstva  |X 102896  |U I200  |Y 179  |7 102896 
242 0 1 |a Using emotion recognition to improve interaction through social robot  |y eng 
245 1 0 |a Využitie rozpoznávania emócií pre zlepšenie interakcie prostredníctvom sociálneho robota 
260 |c 2025 
650 4 |a Robot Nao  |2 eng 
650 4 |a Social robot  |2 eng 
650 4 |a Human–robot interaction  |2 eng 
650 4 |a Geriatrics  |2 eng 
650 4 |a Socialná robotika  |2 slo 
650 4 |a Robot Nao  |2 slo 
650 4 |a Geriatria  |2 slo 
650 4 |a Interakcia medzi človekom a robotom  |2 slo 
700 1 |a Lehocki, Fedor  |u 070200  |k Z1  |4 ths  |U FIIT Fakulta informatiky a informačných technológií  |T FIIT Ústav informatiky, informačných systémov a softvérového inžinierstva  |X 1888  |U I200  |Y 179  |7 000001888 
856 4 |u http://is.stuba.sk/zp/portal_zp.pl?podrobnosti=183583